Frankfurter S-Bahn-Stationen - Statistiken

Allgemein
  • Dieses Quiz wurde 846 mal gespielt
    770 seit der letzten Aktualisierung
  • Das Durchschnittsergebnis liegt bei 41 aus 111
Antwortstatistiken
S-Bahn-Station % Korrekt
Hauptwache
88%
Konstablerwache
85%
Frankfurt Hbf
79%
Nied
77%
Frankfurt Süd
71%
Frankfurt Flughafen Regionalbahnhof
70%
Taunusanlage
70%
Höchst
67%
Frankfurt West
62%
Messe
62%
Stadion
62%
Wiesbaden Hbf
61%
Niederrad
60%
Galluswarte
58%
Ostendstraße
57%
Darmstadt Hbf
55%
Hanau Hbf
54%
Langen
54%
Mainz Hbf
54%
Lokalbahnhof
53%
Offenbach-Ost
53%
Rüsselsheim
53%
Bad Homburg
52%
Rödelheim
52%
Friedberg
50%
Kastel
50%
Bad Vilbel
49%
Griesheim
49%
Offenbach-Ledermuseum
48%
Bad Soden
46%
Kelsterbach
46%
Neu-Isenburg
45%
Eschborn
44%
Oberursel
44%
Gateway Gardens
43%
Rödermark-Ober-Roden
43%
Kronberg
42%
Louisa
42%
Offenbach-Kaiserlei
42%
Friedrichsdorf
41%
Niedernhausen
41%
Farbwerke
40%
Offenbach-Marktplatz
40%
Darmstadt-Wixhausen
39%
Hofheim
39%
Mainz Römisches Theater
39%
Rüsselsheim Opelwerk
39%
Langen Flugsicherung
38%
Wiesbaden Ost
38%
Mühlberg
37%
Stresemannallee
37%
Frankfurter Berg
36%
Hochheim
36%
Flörsheim
35%
Hattersheim
35%
Mühlheim
35%
Raunheim
35%
Eschborn Süd
34%
Zeilsheim
34%
Eschersheim
33%
Riedstadt-Goddelau
33%
Offenbach-Bieber
32%
Sindlingen
32%
Weißkirchen/Steinbach
32%
Dreieich-Buchschlag
31%
Kriftel
31%
Eppstein
30%
Schwalbach
30%
Gustavsburg
29%
Egelsbach
28%
Groß-Karben
28%
Hanau-Steinheim
28%
Zeppelinheim
28%
Bad Vilbel Süd
27%
Bischofsheim
27%
Darmstadt-Arheilgen
27%
Dietzenbach Bf
27%
Mörfelden
27%
Heusenstamm
26%
Kronberg Süd
26%
Walldorf
26%
Berkersheim
25%
Eddersheim
25%
Mainz Nord
25%
Dietzenbach Mitte
23%
Erzhausen
22%
Niederhöchstadt
22%
Sulzbach Nord
22%
Dortelweil
21%
Okarben
21%
Schwalbach Nord
21%
Seulberg
21%
Dietesheim
20%
Rodgau-Nieder-Roden
20%
Niederjosbach
19%
Obertshausen
19%
Groß-Gerau-Dornberg
18%
Lorsbach
18%
Rodgau-Rollwald
18%
Stierstadt
18%
Bruchenbrücken
16%
Eppstein-Bremthal
16%
Nieder-Wöllstadt
16%
Offenbach-Waldhof
16%
Rodgau-Weiskirchen
15%
Rodgau-Dudenhofen
14%
Rodgau-Hainhausen
14%
Rodgau-Jügesheim
14%
Wolfskehlen
13%
Steinberg
12%
Dornheim
10%
Keine übereinstimmenden Quizze gefunden
Verteilung der Resultate
Anzahl Personen mit jedem Resultat
Perzentil nach korrekt beantworteten Fragen
Ihre Resultats-Entwicklung
Sie haben dieses Quiz seit der letzten Aktualisierung nicht gespielt